The ABC of hand lettering

Bibliographic Details
Main Author: Sy, Abbey
Format: Book
Published: Barcelona : Monsa Publications , 2018
Subjects:

MARC

LEADER 00000cam a2200000 7i4500
001 0000278755
005 20210222130441.0
020 |a 9788416500796 
090 0 0 |a 745.61   |b SYA 
100 1 |a Sy, Abbey 
245 0 4 |a The ABC of hand lettering   |c Abbey Sy 
260 |a Barcelona :   |b Monsa Publications ,   |c 2018 
300 |a 107p. :   |b col.ill. ;   |c 24cm. 
650 0 |a Lettering 
999 |a 00384465   |b BUKU   |c RUJUKAN   |e PERPUSTAKAAN KOMUNITI PETALING JAYA